000 00926nam a2200253 a 4500
001 BRCA_8084
005 20190320210126.0
008 040414s1933----fr-a###f##---#001-0#fre-#
041 _afre
044 _afr
050 4 _aNC1499
_b.D38 1933
245 1 0 _aDaumier, l´oeuvre grave du maitre
_breproduction de toutes les planches ; notices sur chaque ouvrage et sur chaque planche
_cintroduction historique et index alphabètique par Eugène Bouvy.
260 _aParís
_bMaurice Le Garrete
_c1933
300 _a1 v. (en varias paginaciones)
_bil.
_c32 cm.
500 _aY116
500 _aDos tomos inventariados como un sólo libro
500 _aMaterial inventariado por el Banco de México
650 1 4 _aGrabadores franceses
_vArtes gráficas
_920098
650 1 4 _aArtistas gráficos
_vImpresores
_zFrancia
_920099
650 1 4 _aLitografía
_97371
700 1 _aBouvy, Eugène
_920100
902 _aGFM
942 _2lcc
_cB
999 _c7752
_d7752